000 00276nam a22001097a 4500
008 230704b xxu||||| |||| 00| 0 eng d
082 _a362.1
_bFCO 1991
245 _aAIDS Control in Britain
260 _bForeign and Commonwealth Office
_c1991
300 _a20p
942 _2ddc
_cBK
999 _c3759
_d3759